000 00465nam a2200157 i 4500
001 172502
003 ES-MaACL
005 20230906214933.0
008 090713s1949 fr |||| | fre d
080 _a821.133.1-2"19"
100 0 _aGenet, Jean.
_956303
245 1 0 _aHaute surveillance /
_cJean Genet.
260 _aParis :
_bGallimard,
_c[1949]
300 _a135 p. ;
_c21 cm.
852 _aES-MaACL
_jE-12820
_9R.139451
_z.- Biblioteca Jacinto Martínez Lacalle
999 _c172502
_d172502